[Event "Stay Safe Play From Home 199"]
[Site "T#646564Emanuel Laske"]
[Date "2020.06.04"]
[Round "7"]
[White "Tobo Rubirosa"]
[Black "Lazieri3"]
[Result "0-1"]
[WhiteElo "1453"]
[BlackElo "1983"]
[Annotator "TA"]
[PlyCount "62"]
[EventDate "2020.06.04"]
[EventType "swiss (blitz)"]

{[%evp 9,62,29,38,0,0,7,2,8,33,33,167,166,150,116,161,101,123,100,111,111,122,125,108,94,164,130,153,163,227,129,132,128,143,89,119,108,107,72,99,86,60,0,0,-50,-43,-41,-33,-48,-47,-36,0,-12,-18,-881,-38]} 1. e4 c6 2. Nf3 d5 3. Nc3 dxe4 4. Nxe4 Nd7 5. d4 Ngf6 6. Nfg5 {B17: Caro-Kann: Modern Line (4...Nd7).} (6. Bd3 {seems wilder.} Nxe4 7. Bxe4 Nf6 8. Bd3 Bg4 9. c3) 6... Nxe4 7. Nxe4 Nf6 8. Nxf6+ {The position is equal.} gxf6 9. Bc4 $40 {[%mdl 128] [#] Black needs to defend precisely.} Be6 $146 (9... Qd6 $14 10. O-O Be6) ({Predecessor:} 9... Bf5 10. c3 e6 11. Bf4 Bd6 12. Qf3 Bxf4 13. Qxf4 Rg8 14. g3 Qb6 15. O-O-O O-O-O {1-0 (42) Mikhalchishin,A (2480)-Short,N (2500) Lvov 1984}) 10. Bxe6 $18 fxe6 {[#]} 11. Qh5+ $1 Kd7 12. Bf4 (12. O-O $18) 12... Qe8 13. Qf3 Qg6 14. O-O-O Bh6 15. Bxh6 Qxh6+ 16. Kb1 Rhg8 (16... Rad8 $16 {was called for.}) 17. g3 Qg6 18. Rhe1 Qg4 (18... Rad8 $142 19. Qb3 {[%mdl 64] Double Attack} Kc7 20. Rxe6 Rd7) 19. Qe3 (19. Qb3 $18 Rab8 20. Rd3) 19... Rad8 $16 20. f3 Qf5 21. g4 ({White should try} 21. Qa3) 21... Qd5 22. b3 b5 23. Rc1 a5 24. c4 bxc4 25. bxc4 (25. Rxc4 $14 Ra8 26. Rec1) 25... Qd6 $11 26. c5 Qd5 27. Qe4 Rb8+ 28. Ka1 Qxe4 29. Rxe4 h5 30. Rce1 hxg4 31. Rxe6 $2 {[%mdl 8192] [#]} (31. fxg4 $11 Rbe8 32. Rb1) 31... Rbe8 $2 {Quite a comeback for Black. Accuracy: White = 49%, Black = 65%.} ({Black should play} 31... gxf3 $19 32. Rxe7+ Kd8) 0-1

[Event "Stay Safe Play From Home 199"]
[Site "T#646564Emanuel Laske"]
[Date "2020.06.04"]
[Round "8"]
[White "Broken sword"]
[Black "Castlingarrocco"]
[Result "1-0"]
[WhiteElo "2435"]
[BlackElo "1996"]
[Annotator "TA"]
[PlyCount "75"]
[EventDate "2020.06.04"]
[EventType "swiss (blitz)"]

{[%evp 10,75,64,25,18,13,408,55,81,81,120,92,86,60,89,68,85,92,114,111,150,85,106,106,177,151,137,110,104,100,93,110,110,25,25,0,18,-17,18,-14,0,-41,-7,-29,15,-8,322,306,309,300,1090,1062,1010,1003,1367,1364,2784,2647,3491,3042,2665,735,29987,29987,29991,29992,29993,29994]} 1. e4 Nc6 2. d4 e5 3. d5 Nce7 4. c4 Ng6 5. Nc3 Nf6 6. Be3 Bb4 {A50: Queen's Fianchetto Defence (1 d4 Nf6 2 c4 b6).} 7. f3 d6 $2 {[%mdl 8192]} (7... Bxc3+ $11 8. bxc3 O-O) 8. Qb3 $2 (8. Qa4+ $18 Nd7 9. Qxb4) 8... Bxc3+ {White is slightly better.} 9. Qxc3 {[#]} Bd7 $146 ({Predecessor:} 9... O-O 10. g3 h5 11. Bd3 c6 12. O-O-O cxd5 13. cxd5 Bd7 14. Kb1 b5 15. h3 a5 {0-1 (30) Ley,S (1849)-Toth,L (1983) Hennweiler 2018}) 10. Bd3 O-O 11. Ne2 h6 12. c5 Nh7 13. O-O Qe7 14. Rac1 f5 {[#]} 15. Kh1 (15. Qb4 $142 $1) 15... f4 16. Bf2 Ng5 (16... Rfb8 $16 {is a better defense.} 17. b3 Nf6) 17. Qa3 a6 18. b4 Rfc8 19. c6 bxc6 20. dxc6 Be6 21. Bc4 ({Better is} 21. Qa5 $16) 21... Qf7 22. Bxe6 Qxe6 23. Rc3 h5 24. Qb3 Kf7 25. Qxe6+ Kxe6 26. Rb3 Rab8 27. Nc3 Rb6 $2 {[%mdl 8192]} (27... Nf7 $11 {and Black stays safe.}) 28. Bxb6 $18 cxb6 29. b5 a5 $2 (29... axb5 30. Nd5 (30. Nxb5 Rxc6 31. Rd1 Nf8 $18) 30... Rxc6 31. Rxb5 Rc5) 30. Nd5 Ne7 31. Nxb6 Rc7 {[#]} 32. Nd5 $1 {[%mdl 64] Decoy, Promotion} Nxd5 33. exd5+ Kxd5 {KRR-KRN} 34. Rd1+ Kc5 35. a4 (35. b6 $142 Ne6 36. Rc1+ Kd4 37. b7) 35... d5 36. b6 {White mates.} Rxc6 37. b7 d4 38. b8=Q {Accuracy: White = 47%, Black = 34%.} 1-0

[Event "Stay Safe Play From Home 199"]
[Site "T#646564Emanuel Laske"]
[Date "2020.06.04"]
[Round "8"]
[White "MarkonY"]
[Black "Cirovicz"]
[Result "1-0"]
[WhiteElo "2314"]
[BlackElo "1900"]
[Annotator "TA"]
[PlyCount "99"]
[EventDate "2020.06.04"]
[EventType "swiss (blitz)"]

{[%evp 9,99,36,36,-10,15,0,13,6,43,47,32,41,93,85,86,62,102,84,123,124,192,190,195,174,166,150,177,77,80,77,243,245,239,194,204,181,172,162,492,496,446,400,403,401,364,304,300,278,372,377,380,362,425,395,431,397,406,391,383,369,369,340,369,362,381,355,427,440,6346,6351,6315,6254,6119,6119,29981,1093,1002,971,29975,664,758,479,5695,5628,5582,5014,2726,1700,1654,984,870,830]} 1. d4 e6 2. c4 Nf6 3. Nc3 Bb4 4. e3 Bxc3+ 5. bxc3 O-O 6. Qc2 {E40: Nimzo-Indian: Rubinstein (4 e3): Unusual Black 4th moves.} c5 7. Bd3 {[#]} d5 $146 ({Predecessor:} 7... d6 8. Ne2 Nc6 9. O-O Re8 10. Ng3 Qe7 11. Bd2 e5 12. d5 e4 13. Be2 Na5 14. f3 {1-0 (69) Brusnjak,S (2063)-Vrban,R (2090) Sentjur 2013}) 8. Nf3 {The position is equal.} cxd4 9. cxd4 dxc4 10. Bxc4 Nc6 ({Better is} 10... b5 $14 11. Bd3 Bb7) 11. O-O $16 Bd7 12. Bd2 a6 13. a4 Be8 14. Rfb1 b5 (14... Ne7 $16) 15. axb5 $18 axb5 16. Rxa8 Qxa8 17. Bxb5 Ne7 18. Bb4 (18. Bf1 $18) 18... Bxb5 $16 19. Bxe7 Re8 $2 {This move loses the game for Black.} (19... Rc8 $16 {was called for.} 20. Qb2 Ne4) 20. Bxf6 $1 $18 {[#] Black must now prevent Ng5.} ({Don't play} 20. Rxb5 $6 Rxe7 21. h3 Re8) 20... Ba4 21. Qc7 {aiming for Qg3!} gxf6 22. Qg3+ Kf8 23. Qf4 $40 {[%mdl 128] And now Ra1 would win. White is out for blood.} Qc6 $2 (23... Kg7 {is a better chance.} 24. Qg4+ Kh8) 24. Qxf6 Qe4 25. Rc1 {[#] Ne5 is the strong threat.} Qg6 26. Qe5 Qf5 27. Qxf5 exf5 {[%mdl 4096] Endgame KRB-KRN} 28. g3 Bb5 29. Nh4 Be2 30. Nxf5 Ra8 31. h4 f6 32. Nd6 Ke7 33. Ne4 f5 34. Nc5 Bf3 35. Kh2 Kf6 36. Nd3 Ra2 37. Kg1 Rd2 38. Ne5 h5 (38... Bd5 $142 39. f3 h5) 39. Nxf3 {KRN-KR} Rb2 40. Rc6+ Ke7 41. Ne5 f4 42. Kg2 (42. gxf4 $142 Rb1+ 43. Kg2 Rb8 44. f5 Rg8+ 45. Kf3 Kd8 46. e4 Re8 47. f6) 42... fxe3 43. Rc7+ Kd6 44. Rd7+ (44. Nc4+ $142 Kxc7 45. Nxb2 e2 46. Nd3 Kd6 47. Kf3 Kd5 48. Nf4+ Kxd4 49. Kxe2) 44... Ke6 {White is clearly winning.} 45. Kf3 exf2 (45... e2 $142 46. d5+ (46. Kf4 Rb5 $16) 46... Kxe5 47. Re7+ Kxd5 48. Rxe2 Rb5) 46. Kg2 f1=R+ 47. Kxf1 Rb1+ 48. Kg2 Kf5 49. Kf3 Rb3+ 50. Kf2 {Accuracy: White = 87%, Black = 36%.} 1-0

[Event "Stay Safe Play From Home 199"]
[Site "T#646564Emanuel Laske"]
[Date "2020.06.04"]
[Round "8"]
[White "Lamborghini"]
[Black "Chesstiger9"]
[Result "0-1"]
[WhiteElo "2145"]
[BlackElo "1980"]
[Annotator "TA"]
[PlyCount "64"]
[EventDate "2020.06.04"]
[EventType "swiss (blitz)"]

{[%evp 9,63,-16,0,-21,-4,-4,-10,-59,-48,-102,-101,-102,-92,-85,-33,-26,-14,-35,0,-16,43,-15,80,85,64,0,0,-25,-23,-227,-227,-217,-176,-185,-168,-250,-195,-340,-343,-334,-261,-407,-404,-389,-409,-1021,-1004,-1414,-1414,-1383,-1374,-29975,-29976,-29997,-29998,-29999]} 1. e4 d5 2. exd5 Nf6 3. Nc3 c6 4. d4 cxd5 5. Bg5 Nc6 6. Qd2 {B13: Caro-Kann: Exchange Variation and Panov-Botvinnik Attack.} e6 7. a3 Be7 {[#]} 8. f3 $146 {The position is equal.} ({Predecessor:} 8. Nf3 O-O 9. O-O-O a6 10. h4 b5 11. Ne5 Bb7 12. Na2 Rc8 13. f3 Na5 14. h5 {0-1 (28) Arribas Lopez,S (1550)-Vega De Alba,M (1735) Madrid 2015}) 8... O-O 9. O-O-O ({Better is} 9. Be3 $15) 9... a6 $17 10. h4 b5 11. Na2 a5 (11... Ne8 $17) 12. Bxb5 $15 Qb6 13. Nc3 Rb8 {[%mdl 1024] Black has compensation.} 14. a4 Ba6 (14... Na7 $11) 15. Nge2 (15. b3 $14) 15... Nb4 (15... Na7 $1 $11 {remains equal.} 16. Bf4 Rb7) 16. Kb1 $16 Rfc8 {[%cal Ra6b5]} 17. g4 ({White should try} 17. Bxa6 $14 Qxa6 18. Bf4) 17... Bxb5 $11 18. Nxb5 Rxc2 19. Qxc2 $2 {[#] Loses the game.} (19. Qe3 $11 {and White stays safe.}) 19... Nxc2 $19 20. Kxc2 Rc8+ 21. Kb1 h6 22. Be3 (22. Bf4 $142) 22... Bb4 23. Rc1 (23. Bf4 {keeps fighting.}) 23... Rxc1+ 24. Rxc1 Nd7 25. g5 (25. Bf4 {is a better defense.}) 25... hxg5 26. hxg5 e5 27. dxe5 (27. Rc2 $142 Qg6 28. dxe5) 27... Qxe3 {[%mdl 64] [#] Double Attack} 28. Ned4 Nxe5 29. Rc8+ Kh7 30. Ka2 Nc4 {Black mates.} 31. b3 Qd2+ 32. Kb1 Qb2# {Accuracy: White = 33%, Black = 68%.} 0-1

[Event "Stay Safe Play From Home 199"]
[Site "T#646564Emanuel Laske"]
[Date "2020.06.04"]
[Round "8"]
[White "Haxhi Baha"]
[Black "Mepe_Nika"]
[Result "0-1"]
[WhiteElo "2004"]
[BlackElo "2298"]
[Annotator "TA"]
[PlyCount "104"]
[EventDate "2020.06.04"]
[EventType "swiss (blitz)"]

{[%evp 13,103,30,58,-22,45,-4,-13,-13,-1,-38,-32,-49,-25,0,0,-6,-22,-62,27,-204,-206,-243,-240,-198,-158,-227,-238,-234,-61,-77,0,0,-15,0,0,0,-7,0,18,-85,-47,-55,-18,-25,95,-152,-101,-153,0,-328,-138,-29971,-29972,-29971,-29972,-29968,-29973,-29975,-29976,-29976,-29976,-29970,-6387,-29977,-29979,-29981,-29979,-29984,-29984,-29985,-29986,-29987,-29988,-29988,-29989,-29990,-29991,-29991,-29991,-29992,-29992,-29993,-29994,-29994,-29995,-29995,-29996,-29996,-29997,-29997,-29998,-29999]} 1. e4 g6 2. d4 Bg7 3. Nc3 c6 4. Nf3 d6 5. Be3 Nf6 6. h3 O-O 7. Qd2 Nbd7 $1 {[%mdl 4] is more profitable than 7...b5 at the moment.} 8. g4 {B08: Pirc Defence: Classical System.} (8. a4 $14) 8... e5 {[#]} ({Black should play} 8... b5 $1 $11) 9. Bh6 $146 ({Predecessor:} 9. O-O-O Qa5 10. Bh6 b5 11. Bxg7 Kxg7 12. dxe5 Nxe5 13. g5 Nh5 14. Nh4 b4 15. Nb1 {½-½ (40) Gazik,I (2415)-Husek,Z Bratislava 1986}) 9... exd4 10. Nxd4 {The position is equal.} Re8 11. O-O-O Nxe4 12. Nxe4 Rxe4 13. Bxg7 Kxg7 14. Bg2 Re8 15. h4 {White wants to play h5.} Nc5 (15... Ne5 $15 16. h5 g5) 16. f4 $2 (16. h5 $11 g5 17. Nxc6 bxc6 18. Bxc6) 16... Bxg4 $19 17. Bf3 Bxf3 18. Nxf3 Qe7 19. Rde1 (19. Qd4+ $17 {was worth a try.} Kg8 20. Rhe1) 19... Qf6 20. h5 Ne4 $2 (20... Rxe1+ $19 21. Rxe1 h6 22. hxg6 fxg6) 21. Qh2 $15 g5 (21... Rad8 $17 22. Re3 (22. hxg6 hxg6 23. Qh6+ Kg8 $17) 22... d5) 22. Nxg5 $11 Nxg5 23. fxg5 Qxg5+ 24. Kb1 Rxe1+ 25. Rxe1 {[%mdl 4096] [#] Endgame aiming for Rg1. KQR-KQR} Kh8 26. Rg1 (26. Qxd6 $11 h6 27. Qd4+ Qg7 28. Qd7) 26... Qe5 27. Qf2 Re8 28. a3 Rg8 {[#]} (28... f5 $11) 29. Rxg8+ $2 (29. Re1 $1 $16 {[%cal Re1e5]} Qg7 30. Qf4) 29... Kxg8 $16 {KQ-KQ} 30. h6 ({Better is} 30. Qxa7 Qe7 31. Qg1+ Kf8 32. Qd4 Qe1+ 33. Ka2) 30... Kf8 $2 (30... a6 $17 {Threatens to win with ...f5.} 31. Qg1+ Kf8) 31. Qg2 $2 {[%mdl 8192]} (31. Qxa7 $11 {and White has nothing to worry.} Qe1+ 32. Ka2) 31... Ke7 (31... Qe1+ $19 {and Black stays clearly on top.} 32. Ka2 Qe6+ 33. b3 Qxh6) 32. Qg4 $2 {[%mdl 8192]} (32. Qg1 $17) 32... Qe1+ 33. Ka2 Qe6+ 34. Qxe6+ fxe6 {KP-KP} 35. Kb3 Kf6 36. Kc4 Kg6 37. Kd4 Kxh6 38. c4 Kg5 {Black mates.} 39. b4 d5 40. cxd5 exd5 41. Ke5 h5 42. a4 h4 43. b5 h3 44. bxc6 bxc6 45. Kd6 h2 46. Kxc6 h1=Q 47. Kb7 d4+ 48. Kxa7 d3 49. a5 Qb1 50. a6 d2 51. Ka8 d1=Q 52. a7 Qd8# {Accuracy: White = 41%, Black = 57%.} 0-1

[Event "Stay Safe Play From Home 199"]
[Site "T#646564Emanuel Laske"]
[Date "2020.06.04"]
[Round "8"]
[White "Lazieri3"]
[Black "Matanant"]
[Result "1-0"]
[WhiteElo "1985"]
[BlackElo "1608"]
[Annotator "TA"]
[PlyCount "54"]
[EventDate "2020.06.04"]
[EventType "swiss (blitz)"]

{[%evp 9,54,66,58,0,5,-42,-28,-31,-16,-52,-1,-20,19,7,9,10,8,0,0,0,0,0,63,67,73,59,79,58,75,75,91,81,478,116,810,810,802,792,1704,1705,1667,1656,1533,1475,29989,29990,29993]} 1. e4 e5 2. Nc3 Nf6 3. Nf3 Nc6 4. d4 Bd6 5. dxe5 Nxe5 6. Be2 {C47: Scotch Four Knights and Four Knights with 4 g3.} (6. Nb5 $14 Qe7 7. Nxd6+ cxd6 8. Be2) 6... O-O $11 {[#]} 7. Nxe5 $146 ({Predecessor:} 7. Bg5 h6 8. Bh4 Re8 9. Nd5 g5 10. Nxg5 c6 11. Nxf7 Qa5+ 12. c3 Nxe4 13. Nxd6 {1-0 (22) Papadopoulos,I (1345)-Haller,C (735) Eschborn 2014}) 7... Bxe5 8. O-O {Black has an edge.} c6 9. h3 d5 (9... Re8 $15) 10. exd5 Nxd5 (10... Bxc3 {keeps more tension.} 11. bxc3 Nxd5 12. Bd2 Qf6 13. Bd3 Be6) 11. Nxd5 Qxd5 12. Qxd5 cxd5 13. Bf3 Be6 14. Rd1 Rfd8 15. c3 Rab8 (15... d4 $1 $11) 16. Be3 $14 b6 17. a4 {[%cal Ba2a4,Ba4a5,Ba5b6,Bb6b7][%mdl 32]} Rd6 18. Kf1 Rbd8 19. a5 d4 20. cxd4 Bxd4 $2 {[%mdl 8192] [#]} (20... Bf6 $16 {is tougher.}) 21. Bxd4 $2 (21. Rxd4 $18 {is the precise move to win.} Rxd4 22. axb6 axb6 23. Bxd4) 21... Rxd4 $4 {[%mdl 8192]} (21... Bb3 $16) 22. Rxd4 $18 Rxd4 23. axb6 $16 {KRB-KRB} Bc4+ 24. Kg1 a6 25. b7 Rd8 26. Rc1 Bb5 27. Rc8 Rf8 {Accuracy: White = 69%, Black = 46%.} 1-0

[Event "Stay Safe Play From Home 199"]
[Site "T#646564Emanuel Laske"]
[Date "2020.06.04"]
[Round "8"]
[White "KLIND"]
[Black "SoulofWolf"]
[Result "1-0"]
[WhiteElo "1840"]
[BlackElo "2139"]
[Annotator "TA"]
[PlyCount "99"]
[EventDate "2020.06.04"]
[EventType "swiss (blitz)"]

{[%evp 9,98,7,51,14,28,16,10,4,0,-3,15,3,32,25,43,10,51,23,33,33,27,0,0,0,0,0,0,0,0,-32,-17,-23,-5,-35,0,-37,-26,-54,0,-42,0,-16,-30,-26,0,-61,8,-331,-335,-620,-205,-744,-243,-231,-219,-220,362,362,362,362,947,895,4878,4898,2665,2172,29983,29984,29984,29985,29985,29986,29986,29987,29988,29989,29995,29989,29996,29992,29992,29992,29995,29996,29996,29997,29997,29998,29998,29999,29999]} 1. e4 d5 2. exd5 Nf6 3. Nc3 g6 4. Nf3 Nxd5 5. Bc4 Be6 {Hoping for ...Nxc3.} (5... Nxc3 {feels hotter.} 6. bxc3 Bg7 7. O-O O-O 8. d4 c5) 6. Bxd5 {B02: Alekhine's Defence: Chase Variation and lines with early Nc3.} (6. Bb3 {is more complex.} Nxc3 7. bxc3 Bxb3 8. axb3 Bg7 9. O-O) 6... Bxd5 7. Nxd5 Qxd5 8. O-O {The position is equal.} (8. d4 {looks sharper.} Nc6 9. O-O O-O-O 10. c3 Bg7 11. Qa4) 8... Bg7 9. d4 O-O 10. c3 {[#]} h6 $146 ({Predecessor:} 10... c5 11. dxc5 Qxc5 12. Qb3 Qc7 13. Be3 Nc6 14. Rad1 Na5 15. Qc2 b5 16. Qe2 Nc4 {½-½ (41) Thomsen,T (2099)-Nielsen,R (2301) Faroe Islands 2015}) 11. Re1 e6 12. Qb3 Qc6 13. Be3 Nd7 14. Rad1 a5 15. d5 exd5 16. Qxd5 Qxd5 17. Rxd5 Nf6 18. Rb5 b6 19. Ne5 Rfd8 20. Nc6 Rd7 21. a4 Re8 (21... Rd6 $5 {[%cal Rd6c6]} 22. Ne7+ Kh7 $15) 22. Kf1 Rd6 23. Nd4 Rd7 24. Nc6 Kh7 25. f3 Rd6 $36 {[%mdl 2048] Black fights for an advantage.} 26. Nd4 Rd7 27. Bf4 (27. Nc6 $11) 27... Red8 (27... Rxe1+ $15 28. Kxe1 Nd5) 28. Rd1 $2 {[%mdl 8192]} (28. Nc6 $11 {and White is okay.} Rf8 29. g4) 28... c5 $19 29. Rxb6 $2 (29. Be5) 29... cxd4 $2 (29... Nd5 30. Rb5 cxd4 31. Rxd5 Rxd5) 30. cxd4 $2 (30. c4) 30... Rxd4 $2 (30... Nd5 31. Rb5 Nxf4) 31. Rxd4 Rxd4 32. Be5 Nd7 $4 {[%mdl 8192]} ({And not} 32... Rxa4 33. Bxf6 Rc4 34. b3 $11) (32... Rd1+ $19 {avoids the disaster.} 33. Ke2 Nd7 {[%mdl 64] Double Attack}) 33. Bxd4 $18 Bxd4 34. Rd6 {[%mdl 64] [#] Double Attack} Bc5 $2 (34... Bxb2 35. Rxd7 Kg7) 35. Rxd7 {[%mdl 4096] Endgame KR-KB} Bb4 36. Rxf7+ Kg8 37. Rb7 h5 {[#]} 38. Rxb4 $1 {[%mdl 64] Promotion. White mates.} axb4 {KP-KP} 39. a5 Kf7 40. a6 Kf6 41. a7 Kg5 42. a8=Q h4 43. Qe4 Kh5 44. Qg4+ Kh6 45. f4 g5 46. Qxg5+ Kh7 47. f5 h3 48. gxh3 Kh8 49. f6 {[%csl Gf6][%cal Rg5g7]} b3 50. Qg7# {Accuracy: White = 52%, Black = 42%.} 1-0

[Event "Stay Safe Play From Home 199"]
[Site "T#646564Emanuel Laske"]
[Date "2020.06.04"]
[Round "8"]
[White "Trotsky"]
[Black "Weltszmerc"]
[Result "0-1"]
[WhiteElo "1595"]
[BlackElo "2097"]
[Annotator "TA"]
[PlyCount "84"]
[EventDate "2020.06.04"]
[EventType "swiss (blitz)"]

{[%evp 9,84,-14,-12,-60,-44,-44,-46,-50,-56,-135,-120,-116,-113,-158,-93,-157,-104,-96,-98,-100,-100,-127,-119,-140,-106,-107,-58,-64,-55,-644,0,-894,-896,-1001,-1015,-1202,-1147,-1201,-1141,-1120,-1108,-1204,-1189,-1160,-1149,-1417,-1388,-1242,-1095,-29988,-5465,-2359,-1542,-1585,-1493,-2287,-1550,-1414,-595,-1504,-594,-589,-583,-29973,-29975,-29968,-6295,-29981,-29982,-29982,-29983,-29983,-29984,-29984,-29985,-29986,-29987]} 1. d4 Nf6 2. e3 b6 3. c4 Bb7 4. Nc3 e6 5. Qc2 d5 6. f3 {[#] A45: Trompowsky Attack.} dxc4 $146 ({Predecessor:} 6... Be7 7. Nh3 O-O 8. Be2 c5 9. Qd2 cxd4 10. exd4 dxc4 11. O-O Nc6 12. Rd1 Nxd4 13. Bxc4 Bxf3 {0-1 (26) Perez Garcia,J (1624)-Sosa Rodriguez,D (1503) Tenerife 2019}) 7. Bxc4 a6 8. Bd3 {Black is slightly better.} c5 9. h4 ({Better is} 9. Qf2 $15) 9... cxd4 10. exd4 Nc6 $36 {[%mdl 2048] Keeping White busy.} 11. Be3 Nb4 (11... Nxd4 $142 12. Qa4+ Nc6) 12. Qb1 {[#]} (12. Qd1 $142) 12... Nxd3+ (12... e5 $142 $1 {[%mdl 512]} 13. Nce2 (13. dxe5 Qxd3) 13... exd4) 13. Qxd3 $17 b5 14. Nh3 Rc8 15. Ng5 Be7 16. Nce4 Qa5+ 17. Bd2 Qa4 18. b3 Qa3 19. Bc3 $2 {[%mdl 8192] Black continues to play with concentration.} (19. Nxf6+ $15 gxf6 20. Ne4) 19... Rxc3 $2 ({Black should try} 19... Bxe4 $19 20. Nxe4 Nxe4 21. Qxe4 Rxc3) 20. Qxc3 $4 {[%mdl 8192]} (20. Nxc3 $11 O-O 21. O-O) 20... Bb4 $19 21. Qxb4 Qxb4+ 22. Kf2 Nxe4+ 23. Nxe4 Bxe4 24. fxe4 Qxd4+ {[%mdl 64] [#] Double Attack} 25. Kf3 Qd3+ 26. Kf2 Qxe4 27. Rhe1 Qxh4+ 28. Kg1 O-O 29. Re2 Rd8 (29... Qd4+ $142 30. Kh2 Qxa1 31. Rc2 Rd8 32. a3 Qxa3 33. Rf2 Qxb3 34. Rf3 Qd5 35. Rf2 Qe5+ 36. g3 Rd1 37. Rc2 Qh5+ 38. Kg2 Qh1+ 39. Kf2 Qf1+ 40. Ke3 Rd3+ 41. Ke4 Qf5#) 30. Rae1 h6 31. Re3 Qd4 32. Kf2 Qd2+ 33. R1e2 Kf8 34. Kf3 Ke7 35. Rxd2 Rxd2 36. Re2 Rxe2 37. Kxe2 {[%mdl 4096] Endgame KP-KP} e5 38. g3 f5 {Black mates.} 39. Kf3 g5 40. a3 e4+ 41. Ke2 Kd6 42. b4 Kd5 {Accuracy: White = 31%, Black = 76%.} 0-1

[Event "Stay Safe Play From Home 199"]
[Site "T#646564Emanuel Laske"]
[Date "2020.06.04"]
[Round "8"]
[White "Rk1966"]
[Black "Tobo Rubirosa"]
[Result "1-0"]
[WhiteElo "1471"]
[BlackElo "1452"]
[Annotator "NA RC"]
[PlyCount "45"]
[EventDate "2020.06.04"]
[EventType "swiss (blitz)"]

1. e4 {[%emt 0:00:02]} c5 {[%emt 0:00:01]} 2. f3 {[%emt 0:00:01]} d6 {[%emt 0:00:00]} 3. d3 {[%emt 0:00:00]} e5 {[%emt 0:00:03]} 4. Be3 {[%emt 0:00:01]} f5 {[%emt 0:00:01]} 5. Nd2 {[%emt 0:00:01]} f4 {[%emt 0:00:01]} 6. Bf2 {[%emt 0:00:00]} Nf6 {[%emt 0:00:01]} 7. Ne2 {[%emt 0:00:01]} Be7 {[%emt 0:00:01]} 8. g3 {[%emt 0:00:01]} O-O {[%emt 0:00:02]} 9. gxf4 {[%emt 0:00:01]} exf4 {[%emt 0:00:01]} 10. Nxf4 {[%emt 0:00:02]} Nfd7 {[%emt 0:00:02]} 11. Ng2 {[%emt 0:00:01]} Ne5 {[%emt 0:00:01]} 12. Be2 {[%emt 0:00:01]} Bg5 {[%emt 0:00:05]} 13. Bg3 {[%emt 0:00:06]} Nbc6 {[%emt 0:00:07]} 14. f4 {[%emt 0:00:01]} Bxf4 {[%emt 0:00:05]} 15. Nxf4 {[%emt 0:00:03]} Rxf4 {[%emt 0:00:04]} 16. Bxf4 {[%emt 0:00:02]} Nd4 {[%emt 0:00:02]} 17. Nb3 {[%emt 0:00:04]} Bh3 {[%emt 0:00:08]} 18. Nxd4 {[%emt 0:00:02]} cxd4 {[%emt 0:00:02]} 19. Qd2 {[%emt 0:00:02]} Qh4+ {[%emt 0:00:04]} 20. Bg3 {[%emt 0:00:02]} Qf6 {[%emt 0:00:01]} 21. O-O-O {[%emt 0:00:01]} Nf3 {[%emt 0:00:02]} 22. Bxf3 {[%emt 0:00:01]} Qxf3 {[%emt 0:00:02]} 23. Bxd6 {[%emt 0:00:01] Tiempo (Lag: Av=0.94s, max=1.5s)} 1-0

[Event "Stay Safe Play From Home 199"]
[Site "T#646564Emanuel Laske"]
[Date "2020.06.04"]
[Round "9"]
[White "Broken sword"]
[Black "KLIND"]
[Result "1-0"]
[WhiteElo "2437"]
[BlackElo "1869"]
[Annotator "TA"]
[PlyCount "53"]
[EventDate "2020.06.04"]
[EventType "swiss (blitz)"]

{[%evp 9,53,40,63,65,60,33,43,41,367,366,385,395,369,312,385,382,389,386,384,368,486,440,597,450,491,470,501,491,467,355,363,356,472,315,514,510,536,495,526,535,516,523,5433,5414,5086,5086]} 1. e4 d5 2. exd5 Qxd5 3. Nf3 Qd8 4. d4 Nf6 5. c3 g6 6. Bc4 {B01: Scandinavian Defence.} Bg7 {[#]} 7. Bb3 $146 (7. Qe2 {is interesting.} O-O 8. O-O b6 9. Re1 e6 10. Bf4) ({Predecessor:} 7. Nbd2 O-O 8. O-O Bg4 9. h3 Bf5 10. Re1 a6 11. Nf1 b5 12. Bb3 Qd6 13. Ng3 Bd7 14. Ne5 Nc6 15. Qe2 Rae8 {0-1 (75) Korolenko,A-Volkova,A Evpatoria 2007}) 7... O-O 8. O-O {White is slightly better.} Bh3 $2 {[%mdl 8192] [#] Loses the game.} (8... c5 $14) 9. gxh3 $18 c6 10. Ne5 Nbd7 11. Bf4 Nb6 12. Nd2 e6 13. Bg3 Nbd5 14. Qf3 h5 15. Rae1 Ne7 16. Bh4 Nf5 17. Bxf6 Qxf6 18. Ne4 Qh4 19. Ng3 Qxh3 {Now ...Bxe5 and Black clings on.} 20. Nxf5 Qxf3 21. Nxf3 exf5 $2 {[#]} (21... gxf5 22. Ng5 Bf6) 22. Re7 {White is clearly winning.} b6 23. Rc7 c5 24. dxc5 bxc5 25. Re1 Rfe8 26. Rxe8+ Rxe8 27. Bxf7+ {[%mdl 64] Double Attack. Accuracy: White = 65%, Black = 42%.} 1-0